000 00366nam a2200157Ia 4500
003 Ost
005 20260225132553.0
008 260225s9999||||xx |||||||||||||| ||und||
040 _cfsic
041 _afre
082 _a440
100 _aAbderrahmane Arab
_eAuteur
245 0 _aPolitics and the novel in Africa /
245 0 _cAbderrahmane Arab
942 _cكتاب
999 _c34250
_d34250